000 00298nam a22001337a 4500
008 181126b xxu||||| |||| 00| 0 eng d
020 _a9780226393346
041 _aeng
080 _a941
100 _a16
101 _aHIS
245 _aCostarican Natural History
_cJenzen.D.H
942 _2udc
_cBK
999 _c52497
_d52497